000 03352nam a2200337 i 4500
001 160198
003 ES-MaACL
005 20250806025306.0
008 970411s1882 sp f |001 sdspa d
040 _cES-MaACL
080 _a081 Moreno Nieto, José
100 1 _aMoreno Nieto, José,
_d1825-1882
_eaut
_983416
245 1 0 _aDiscursos académicos /
_cdel Excmo. e Ilmo. Señor D. José Moreno Nieto ; precedidos de un discurso sobre su vida y obras del Excmo. Señor D. Antonio Cánovas del Castillo.
260 _a[Madrid] :
_bEl Ateneo Científico, Literario y Artístico de Madrid,
_c1882
300 _aXXXVIII, 454 páginas :
_b1 retrato ;
_c25 cm.
505 8 _aContiene: Discurso del Excmo. Señor D. Antonio Cánovas del Castillo leído en la velada literaria que celebró el Ateneo Científico, Literario y Artístico de Madrid en honor del Excmo. Señor D. José Moreno Nieto el 4 de marzo de 1882
505 _aEl problema filosófico: discurso pronunciado el día 3 de nov. de 1876 en el Ateneo... de Madrid con motivo de la apertura de sus cátedras ; El problema religioso: discurso pronunciado el día 8 de nov. de 1877 en el Ateneo... ; El problema político: discurso pronunciado el día 31 de oct. de 1878 en el Ateneo... ; El problema social: discurso pronunciado el día 17 de nov. de 1879 en el Ateneo... ; La sociología: discurso pronunciado el día 26 de nov. de 1874 en la Academia Matritense de Jurisprudencia y Legislación... ; La civilización cristiana y la civilización racionalista: discurso leído el día 25 de mayo de 1879 ante la Real Academia de Ciencias Morales y Políticas ; La civilización moderna: discurso pronunciado el día 26 de abril de 1857 en la apertura de la Academia de Ciencias y Literatura del Liceo de Granada ; La lingüística: discurso pronunciado el día 10 de nov. de 1880 en el Ateneo... ; La mitología comparada: discurso pronunciado el día 30 de nov. de 1881 en el Ateneo... ; El pesimismo: discurso pronunciado el día 9 de feb. de 1881 en el Círculo Nacional de la Juventud ; La enseñanza popular: discurso pronunciado el día 15 de abril de 1878 en el Ateneo Mercantil ; De la contribución según los socialistas de la cátedra: discurso pronunciado el día 13 de dic. de 1881 en el Círculo de la Unión Mercantil ; Introducción a un curso de historia universal: discurso pronunciado el día 3 de en. de 1882 en el Ateneo... ; Estudio crítico sobre los historiadores arábigo andaluces: discurso leído el día 29 de mayo de 1864 ante la Real Academia de la Historia ; Apéndice al anterior discurso
530 _aDisponible en formato digital
599 _aRetr.: grab. calc., "Fed. Navarrete gr."
600 1 4 _aMoreno Nieto, José,
_d1825-1882
_983416
610 2 4 _aAteneo de Madrid-
_vVeladas literarias.
_91935
610 2 4 _aAteneo de Madrid-
_vDiscursos de apertura-
_yS.XIX.
_91912
610 2 4 _aAteneo de Madrid-
_vConferencias-
_yS.XIX.
_91910
700 1 _aCánovas del Castillo, Antonio,
_d1828-1897
_934600
_eaui
710 2 _aAteneo de Madrid.
_91875
_eedt
852 _aES-MaACL
_cDEPO
_dOlim: B-2159
_jR-2346
_x Holandesa
856 _uhttps://bdh-rd.bne.es/viewer.vm?id=0000110179&page=1
_yVersión en línea
_z(Biblioteca Digital Hispánica)
942 _cMONANT
_n0
999 _c160198
_d160198